Rice Producers Quiz Stats

 Plays Quiz not verified by Sporcle

Also try: Northern Countries
Challenge
Share
Tweet
Embed
Score 0/25 Timer 03:00
0 Plays Today
Rank Country % Correct
1China
99.2%
2India
97.5%
10Japan
91.8%
11United States
91.6%
3Indonesia
90.9%
5Vietnam
90.5%
6Thailand
89.5%
12Pakistan
87.6%
9Brazil
85.1%
13South Korea
83.6%
14Cambodia
83.2%
21Laos
83.2%
25Malaysia
80%
Rank Country % Correct
4Bangladesh
79.8%
7Myanmar
78.3%
8Philippines
75.2%
18Iran
72.6%
16Nepal
64.8%
23North Korea
62.7%
20Sri Lanka
62.5%
15Egypt
58.5%
24Peru
52%
22Colombia
51.2%
17Nigeria
47.8%
19Madagascar
25.7%

You're not logged in!

Compare scores with friends on all Sporcle quizzes.
OR
Log In

You Might Also Like...

Show Comments

Extras

Created Mar 26, 2011ReportNominate
Tags:Country Quiz, exports, rice, ton

Top Quizzes Today


Score Distribution

Your Account Isn't Verified!

In order to create a playlist on Sporcle, you need to verify the email address you used during registration. Go to your Sporcle Settings to finish the process.

Report this User

Report this user for behavior that violates our Community Guidelines.

Details: